[Event "GER-ch Net Amateur Gr-A Vor3"]
[Site "Playchess.com INT"]
[Date "2020.04.16"]
[Round "6"]
[White "Wolff, Stefan"]
[Black "Thomas, Ingo"]
[Result "1/2-1/2"]
[WhiteElo "1620"]
[BlackElo "1992"]
[PlyCount "84"]
[EventDate "2020.04.16"]
[EventType "swiss (blitz)"]
[EventRounds "9"]
[EventCountry "GER"]
[SourceTitle "CBM 195 Extra"]
[Source "ChessBase"]
[SourceDate "2020.05.31"]
[SourceVersion "1"]
[SourceVersionDate "2020.05.31"]
[SourceQuality "1"]

1. c4 e5 2. Nc3 Nf6 3. Nf3 Nc6 4. d4 exd4 5. Nxd4 Bb4 6. Bg5 h6 7. Bh4 g5 8. Bg3 Ne4 9. Rc1 Qf6 10. e3 h5 11. Qf3 Qxf3 12. gxf3 Nxc3 13. bxc3 Ba3 14. Rb1 Nxd4 15. cxd4 Kd8 16. Be5 Rh6 17. Rg1 f6 18. Bxf6+ Rxf6 19. Rxg5 a5 20. Rxh5 Rxf3 21. Bg2 Rf8 22. Bxb7 Rb8 23. Be4 Rxb1+ 24. Bxb1 Ba6 25. Bd3 c6 26. Ke2 Bb4 27. a3 Bc3 28. f4 Rg8 29. Kf3 d5 30. Bh7 Rh8 31. cxd5 Bd3 32. e4 Bxd4 33. dxc6 Kc7 34. Rxa5 Rxh7 35. Rd5 Bxe4+ 36. Kxe4 Bb2 37. Rd7+ Rxd7 38. cxd7 Bxa3 39. Kf5 Kxd7 40. Kg6 Ke7 41. f5 Bb2 42. h4 Kf8 1/2-1/2

[Event "GER-ch Net Amateur Gr-A Vor2"]
[Site "Playchess.com INT"]
[Date "2020.04.15"]
[Round "9"]
[White "Dahl, Christoph"]
[Black "Thomas, Ingo"]
[Result "1/2-1/2"]
[WhiteElo "2097"]
[BlackElo "1976"]
[PlyCount "71"]
[EventDate "2020.04.15"]
[EventType "swiss (blitz)"]
[EventRounds "9"]
[EventCountry "GER"]
[SourceTitle "CBM 196 Extra"]
[Source "ChessBase"]
[SourceDate "2020.07.31"]
[SourceVersion "1"]
[SourceVersionDate "2020.07.31"]
[SourceQuality "1"]

1. e4 Nc6 2. d4 d5 3. e5 Bf5 4. Bd3 Nxd4 5. Bxf5 Nxf5 6. Nf3 e6 7. 0-0 Bc5 8. c3 Nge7 9. Qd3 Qd7 10. b4 Bb6 11. a4 a5 12. bxa5 Rxa5 13. Nd4 Nxd4 14. cxd4 Rxa4 15. Rxa4 Qxa4 16. Qg3 0-0 17. Ba3 Re8 18. Bxe7 Rxe7 19. Qg5 Re8 20. Nc3 Qxd4 21. Ne2 Qe4 22. Ng3 Qg6 23. Qc1 h5 24. Qf4 Qg4 25. Qd2 h4 26. Ne2 Ra8 27. Kh1 Ra4 28. f3 Qc4 29. Rc1 Ra2 30. Qg5 Qxe2 31. Qd8+ Kh7 32. Qxh4+ Kg8 33. Qd8+ Kh7 34. Qh4+ Kg8 35. Qd8+ Kh7 36. Qh4+ 1/2-1/2

[Event "GER-ch Net Amateur Gr-A Vor2"]
[Site "Playchess.com INT"]
[Date "2020.04.15"]
[Round "2"]
[White "Hansch, Karsten"]
[Black "Thomas, Ingo"]
[Result "1/2-1/2"]
[WhiteElo "2166"]
[BlackElo "1952"]
[PlyCount "58"]
[EventDate "2020.04.15"]
[EventType "swiss (blitz)"]
[EventRounds "9"]
[EventCountry "GER"]
[SourceTitle "CBM 196 Extra"]
[Source "ChessBase"]
[SourceDate "2020.07.31"]
[SourceVersion "1"]
[SourceVersionDate "2020.07.31"]
[SourceQuality "1"]

1. e4 Nc6 2. d4 d5 3. e5 Bf5 4. c3 e6 5. Bd3 Bxd3 6. Qxd3 Qd7 7. f4 Nh6 8. Nf3 Nf5 9. g4 Nh6 10. h3 f5 11. Rg1 0-0-0 12. Be3 Be7 13. Nbd2 Rhg8 14. 0-0-0 Rdf8 15. Nb3 g6 16. g5 Nf7 17. h4 h5 18. gxh6 Nxh6 19. Ng5 Ng4 20. Rh1 Rh8 21. Nc5 Bxc5 22. dxc5 Nxe3 23. Qxe3 Rh5 24. Nf3 Ne7 25. Rdg1 c6 26. Rg5 Rfh8 27. Rhg1 Qe8 28. Nd4 Kd7 29. Qg3 R8h6 1/2-1/2

[Event "GER-ch Net Amateur Gr-A Vor2"]
[Site "Playchess.com INT"]
[Date "2020.04.15"]
[Round "5"]
[White "Rieling, Thomas"]
[Black "Thomas, Ingo"]
[Result "0-1"]
[WhiteElo "1785"]
[BlackElo "1932"]
[PlyCount "80"]
[EventDate "2020.04.15"]
[EventType "swiss (blitz)"]
[EventRounds "9"]
[EventCountry "GER"]
[SourceTitle "CBM 196 Extra"]
[Source "ChessBase"]
[SourceDate "2020.07.31"]
[SourceVersion "1"]
[SourceVersionDate "2020.07.31"]
[SourceQuality "1"]

1. e4 Nc6 2. Nc3 Nf6 3. Nf3 d5 4. e5 Ne4 5. Bd3 Nxc3 6. dxc3 Bg4 7. Bf4 e6 8. Qe2 a5 9. Bb5 Be7 10. h3 Bxf3 11. Qxf3 0-0 12. 0-0 Na7 13. Bd3 c5 14. Rad1 b5 15. c4 Qb6 16. cxd5 exd5 17. Qxd5 c4 18. Be4 Rad8 19. Qb7 Qxb7 20. Bxb7 b4 21. b3 cxb3 22. cxb3 Bc5 23. Rd5 Rxd5 24. Bxd5 Rd8 25. Rd1 Kf8 26. Bg5 Be7 27. Be3 Nb5 28. Bb6 Rd7 29. Bf3 Rxd1+ 30. Bxd1 Nc3 31. Bc2 Nxa2 32. Bxa5 Nc3 33. Kf1 Bc5 34. Bc7 Ke7 35. g3 Kd7 36. Ba5 g6 37. Kg2 Ke6 38. Bc7 Nb5 39. Bd3 Nxc7 40. Bc4+ Kxe5 0-1

[Event "GER-ch Net Amateur Gr-A Vor1"]
[Site "Playchess.com INT"]
[Date "2020.04.14"]
[Round "8"]
[White "Thomas, Ingo"]
[Black "Promyshlyanskiy, Vitaliy"]
[Result "0-1"]
[WhiteElo "1925"]
[BlackElo "1984"]
[PlyCount "104"]
[EventDate "2020.04.14"]
[EventType "swiss (blitz)"]
[EventRounds "9"]
[EventCountry "GER"]
[SourceTitle "EXT 2021"]
[Source "ChessBase"]
[SourceDate "2020.10.23"]
[SourceVersion "1"]
[SourceVersionDate "2020.10.23"]
[SourceQuality "1"]

1. e4 Nc6 2. Nf3 d6 3. d4 Nf6 4. d5 Nb8 5. Nc3 g6 6. Bf4 Bg7 7. Qd2 Nbd7 8. Bd3 Nc5 9. Bh6 Bxh6 10. Qxh6 c6 11. dxc6 bxc6 12. 0-0 Bg4 13. Nd4 Bd7 14. h3 Qb6 15. Nb3 0-0-0 16. Qe3 Nxb3 17. Qxb6 axb6 18. axb3 Kb7 19. Ra3 Ra8 20. Rfa1 Rxa3 21. bxa3 Nh5 22. a4 Nf4 23. Bf1 Ne6 24. Rd1 Nc5 25. f3 Be6 26. Kf2 g5 27. Ne2 Bd7 28. Nd4 Kc7 29. Bc4 e6 30. Bf1 h5 31. Ne2 f5 32. exf5 exf5 33. Nc3 Ne6 34. Bc4 g4 35. hxg4 hxg4 36. Ne2 d5 37. Bd3 Ng5 38. f4 Nf7 39. Ng3 Nd6 40. Rh1 Rxh1 41. Nxh1 c5 42. Ng3 c4 43. Be2 Kc6 44. Nh5 Kc5 45. Nf6 Bc6 46. g3 Kd4 47. Bd1 Kc3 48. Ke3 d4+ 49. Ke2 d3+ 50. cxd3 cxb3 51. Bxb3 Kxb3 52. Ke3 Kc3 0-1

[Event "Heusenstamm Sparkassen op-A 5th"]
[Site "Heusenstamm"]
[Date "2018.11.24"]
[Round "5"]
[White "Thomas, Ingo"]
[Black "Hesse, Henrik"]
[Result "1/2-1/2"]
[WhiteElo "2130"]
[BlackElo "2272"]
[PlyCount "58"]
[EventDate "2018.11.22"]
[EventType "swiss"]
[EventRounds "7"]
[EventCountry "GER"]
[SourceTitle "CBM 188 Extra"]
[Source "ChessBase"]
[SourceDate "2019.02.28"]
[SourceVersion "1"]
[SourceVersionDate "2019.02.28"]
[SourceQuality "1"]

1. e4 c5 2. Nf3 e6 3. b3 Nc6 4. Bb2 d6 5. d4 cxd4 6. Nxd4 Nxd4 7. Qxd4 Nf6 8. Bb5+ Bd7 9. Bxd7+ Qxd7 10. c4 Be7 11. Nc3 0-0 12. 0-0 a6 13. Rfd1 Rfd8 14. Rd3 b5 15. Rg3 bxc4 16. Qxc4 Rdc8 17. Qd4 Nh5 18. Rf3 e5 19. Qd1 Nf4 20. Nd5 Nxd5 21. Qxd5 Qe6 22. Qb7 Rcb8 23. Qc6 Rc8 24. Qb7 a5 25. Rc3 Rcb8 26. Qc6 Rc8 27. Qb7 Rcb8 28. Qc6 Rc8 29. Qb7 Rcb8 1/2-1/2

[Event "Heusenstamm Sparkassen op-A 5th"]
[Site "Heusenstamm"]
[Date "2018.11.23"]
[Round "2"]
[White "Thomas, Ingo"]
[Black "Emig, Nils"]
[Result "1-0"]
[WhiteElo "2130"]
[BlackElo "1686"]
[PlyCount "117"]
[EventDate "2018.11.22"]
[EventType "swiss"]
[EventRounds "7"]
[EventCountry "GER"]
[SourceTitle "CBM 188 Extra"]
[Source "ChessBase"]
[SourceDate "2019.02.28"]
[SourceVersion "1"]
[SourceVersionDate "2019.02.28"]
[SourceQuality "1"]

1. e4 c5 2. Nf3 e6 3. b3 b6 4. Bb2 Bb7 5. Nc3 Nc6 6. g3 Be7 7. Bg2 Bf6 8. 0-0 d6 9. Re1 Nge7 10. Na4 Bxb2 11. Nxb2 0-0 12. d4 cxd4 13. Nxd4 Nxd4 14. Qxd4 d5 15. exd5 Bxd5 16. Rad1 Bxg2 17. Kxg2 Qc7 18. c4 Rad8 19. Qe4 Qc6 20. Qxc6 Nxc6 21. Na4 Nb4 22. Nc3 a6 23. h4 h6 24. Kf1 Nc2 25. Re2 Rxd1+ 26. Nxd1 Rd8 27. Rxc2 Rxd1+ 28. Ke2 Rd6 29. b4 Kf8 30. c5 Rc6 31. Kd3 bxc5 32. bxc5 Ke7 33. Kc4 g5 34. hxg5 hxg5 35. Rb2 f5 36. Rb7+ Kd8 37. f3 g4 38. fxg4 fxg4 39. Rg7 Rc7 40. Rxg4 Rf7 41. Rd4+ Kc7 42. Rd6 Rg7 43. Rxa6 Rxg3 44. Kb5 e5 45. Ra7+ Kb8 46. Re7 Ra3 47. Kb6 Kc8 48. c6 Kd8 49. Rxe5 Rc3 50. Ra5 Rc2 51. Ra8+ Ke7 52. Kc7 Rc3 53. Ra4 Rc2 54. Re4+ Kf7 55. a4 Rc5 56. Kb6 Rc2 57. c7 Rb2+ 58. Kc5 Rc2+ 59. Rc4 1-0

[Event "Karlsruhe Grenke op"]
[Site "Karlsruhe"]
[Date "2018.03.29"]
[Round "1"]
[White "Schneider, Ilja"]
[Black "Thomas, Ingo"]
[Result "1-0"]
[WhiteElo "2513"]
[BlackElo "2127"]
[PlyCount "61"]
[EventDate "2018.03.29"]
[EventType "swiss"]
[EventRounds "9"]
[EventCountry "GER"]
[SourceTitle "CBM 183 Extra"]
[Source "ChessBase"]
[SourceDate "2018.04.19"]
[SourceVersion "1"]
[SourceVersionDate "2018.04.19"]
[SourceQuality "1"]

1. d4 d5 2. c4 c6 3. Nf3 Nf6 4. e3 Bf5 5. Nc3 e6 6. Nh4 Bg6 7. Nxg6 hxg6 8. a3 Nbd7 9. g3 Be7 10. b3 0-0 11. Bg2 a6 12. 0-0 b5 13. Qe2 Nb6 14. a4 b4 15. Nb1 c5 16. Bb2 Qd7 17. Rd1 Rfd8 18. Nd2 a5 19. e4 Rac8 20. cxd5 exd5 21. e5 Ne8 22. dxc5 Bxc5 23. Ne4 Be7 24. Bd4 Qe6 25. Nd2 Rc2 26. Rac1 Rdc8 27. Rxc2 Rxc2 28. Qb5 Nd7 29. Qxd5 Nc7 30. Qe4 Qf5 31. g4 1-0

[Event "Korbach op 9th"]
[Site "Korbach"]
[Date "2017.10.20"]
[Round "2"]
[White "Aardenburg, Piet"]
[Black "Thomas, Ingo"]
[Result "1/2-1/2"]
[WhiteElo "1782"]
[BlackElo "2129"]
[PlyCount "132"]
[EventDate "2017.10.19"]
[EventType "swiss"]
[EventRounds "7"]
[EventCountry "GER"]
[SourceTitle "CBM 181 Extra"]
[Source "ChessBase"]
[SourceDate "2017.12.12"]
[SourceVersion "1"]
[SourceVersionDate "2017.12.12"]
[SourceQuality "1"]

1. e4 Nc6 2. d4 d5 3. e5 Bf5 4. Bb5 e6 5. c3 Qd7 6. Qa4 Nge7 7. Nf3 a6 8. 0-0 Rb8 9. Bxc6 Nxc6 10. Qd1 Be7 11. Bf4 0-0 12. Nbd2 f6 13. Re1 Bg4 14. Qc1 Rbe8 15. h3 Bh5 16. Bg3 fxe5 17. Nxe5 Nxe5 18. Rxe5 Bg6 19. Nf3 Be4 20. Nd2 Bf5 21. Qe1 Bd6 22. Re3 Rf6 23. Qe2 h6 24. Re1 b5 25. Qh5 Bg6 26. Qg4 Bf5 27. Qh5 Qf7 28. Qxf7+ Kxf7 29. Bxd6 cxd6 30. Nf3 Be4 31. Nd2 Bh7 32. f3 h5 33. Nf1 Kg6 34. Kf2 Bg8 35. Nd2 Rff8 36. Nb3 Kf6 37. Na5 Ke7 38. Nc6+ Kd7 39. Na5 g5 40. Kg3 Bh7 41. Nb3 Bf5 42. Nd2 a5 43. a3 Ra8 44. Nf1 h4+ 45. Kh2 Rfb8 46. R3e2 b4 47. axb4 axb4 48. Ne3 Bd3 49. Rd2 Bg6 50. c4 dxc4 51. Nxc4 Ra6 52. Re3 b3 53. Rc3 Ke7 54. Re2 Kf6 55. Ree3 Bc2 56. Nd2 Ra2 57. Nxb3 Bxb3 58. Rxb3 Rxb2 59. Rxb8 Rxb8 60. Kg1 Rb2 61. Re4 Rb5 62. Kf2 e5 63. dxe5+ Rxe5 64. Rd4 Ke6 65. g3 hxg3+ 66. Kxg3 Kf6 1/2-1/2

[Event "Staufer op 29th"]
[Site "Schwaebisch Gmuend"]
[Date "2017.01.02"]
[Round "2"]
[White "Thomas, Ingo"]
[Black "Frischmann, Rick"]
[Result "1/2-1/2"]
[WhiteElo "2135"]
[BlackElo "2323"]
[PlyCount "31"]
[EventDate "2017.01.02"]
[EventType "swiss"]
[EventRounds "9"]
[EventCountry "GER"]
[SourceTitle "CBM 176 Extra"]
[Source "ChessBase"]
[SourceDate "2017.03.02"]
[SourceVersion "1"]
[SourceVersionDate "2017.03.02"]
[SourceQuality "1"]

1. e4 c5 2. Nf3 e6 3. b3 b6 4. Bb2 Bb7 5. Nc3 Nc6 6. g3 a6 7. Bg2 Qc7 8. 0-0 Nf6 9. Re1 h5 10. h3 d6 11. d4 cxd4 12. Nxd4 h4 13. Nd5 Nxd5 14. exd5 Nxd4 15. Qxd4 e5 16. Qa4+ 1/2-1/2

[Event "Niederrhein-ch"]
[Site "Solingen"]
[Date "2015.04.01"]
[Round "5"]
[White "Heinert, Eugen"]
[Black "Thomas, Ingo"]
[Result "1-0"]
[WhiteElo "2154"]
[BlackElo "2155"]
[PlyCount "43"]
[EventDate "2015.03.28"]
[EventType "swiss"]
[EventRounds "7"]
[EventCountry "GER"]
[SourceTitle "EXT 2016"]
[Source "ChessBase"]
[SourceDate "2015.10.08"]
[SourceVersion "1"]
[SourceVersionDate "2015.10.08"]
[SourceQuality "1"]

1. d4 d5 2. c4 c6 3. cxd5 cxd5 4. Bf4 Nc6 5. e3 Nf6 6. Nc3 Bg4 7. Qb3 Na5 8. Qa4+ Bd7 9. Qc2 e6 10. Bd3 Be7 11. Nf3 Nh5 12. Be5 f6 13. Bxh7 fxe5 14. Nxe5 Bb4 15. Qg6+ Ke7 16. Qg5+ Kf8 17. Ng6+ Kf7 18. Nxh8+ Qxh8 19. Bg6+ Kg8 20. Qxh5 Qxh5 21. Bxh5 Nc4 22. a3 1-0

[Event "Niederrhein-ch"]
[Site "Solingen"]
[Date "2015.03.29"]
[Round "2"]
[White "Thomas, Ingo"]
[Black "Waagener, Ulrich"]
[Result "1-0"]
[WhiteElo "2155"]
[BlackElo "2192"]
[PlyCount "71"]
[EventDate "2015.03.28"]
[EventType "swiss"]
[EventRounds "7"]
[EventCountry "GER"]
[SourceTitle "EXT 2016"]
[Source "ChessBase"]
[SourceDate "2015.10.08"]
[SourceVersion "1"]
[SourceVersionDate "2015.10.08"]
[SourceQuality "1"]

1. e4 c5 2. Nf3 e6 3. b3 Be7 4. Bb2 Nf6 5. e5 Nd5 6. g3 f5 7. Bg2 Nc6 8. 0-0 Qc7 9. Re1 0-0 10. c4 Ndb4 11. d4 Nxd4 12. Nxd4 cxd4 13. Bxd4 a6 14. Bb2 Rb8 15. Nc3 b5 16. a3 Nc6 17. Nd5 exd5 18. cxd5 Bc5 19. dxc6 dxc6 20. Qc2 Be7 21. Qxc6 Qxc6 22. Bxc6 Be6 23. b4 f4 24. Red1 Kh8 25. Rd2 Rb6 26. Be4 h5 27. Bd4 Rbb8 28. Bc5 Bxc5 29. bxc5 b4 30. axb4 Rxb4 31. f3 fxg3 32. hxg3 Bc8 33. Rad1 Be6 34. Rd8 Rb8 35. Rxf8+ Rxf8 36. Rd6 1-0